000 00833nas a2200289 4500
001 BR2010004706
003 BR-BrBNA
005 20231205114307.0
007 ta
008 230509b bl.|||p| |||| 00| 00por d
040 _aBR-BrBNA
_bpor
_cBiblioteca Nacional de Agricultura
041 _a(En)
072 _aF03
100 1 _aSouza, L.T. de
100 1 _aEspíndula, M.C.
100 1 _aRocha, V.S.
100 1 _aDias, D.C.F. dos S.
100 1 _aSouza, M.A. de
245 1 _aGrowth retardants in wheat and its effect in physiological quality of seeds
650 _aTRIGO
650 _aSEMENTE
650 _aGERMINAÇÃO
650 _aVIGOR
773 0 _tCiência Rural (Brazil)
_xISSN 0103-8478
_g(Jun 2010), v. 40(6) p. 1431-1434
_wBR2010004706
909 _a202311
_bLúcia
_c55
_dLúcia Elande
942 _2AGRIS
_n0
_cANA
999 _c208067
_d208067